000 00289nam a22001337a 4500
008 170816b xxu||||| |||| 00| 0 eng d
020 _a9780201316636
041 _aeng
080 _23 ED
_a51
100 _a36
101 _aMAT
245 _aALGORITHMS
_cSEDGEWICK.R
942 _2udc
_cBK
999 _c23749
_d23749